000
00319 a2200157 4500
001
190586
020
_a
978-1-4240-4638-6
040
_c
Magnum
100
_a
Leather, Sue
240
1
0
_a
Running free
_l
ING
245
1
0
_a
Running free
300
_a
46
362
0
_a
2011
697
_a
LITERATURA INGLESA
942
_c
BK
999
_c
190586
_d
190586